000 00429nam a2200157Ia 4500
008 210210b1997 xxu||||| |||| 00| 0 eng d
020 _a81 242 0062 9
082 _a828.02 REDG
100 _aREDMAN (Alvin),Ed.
245 _aGreat thoughts of Oscar Wilde.
260 _aN D
_bCrest publishing house
_c1997
300 _a240
650 _aThoughts Oscar Wilde Quotations
690 _aEnglish Miscellaneous
906 _aSG03349
999 _c113835
_d113835